000 00463nam a22001577a 4500
003 macl
005 20191130124859.0
008 191130b xxu||||| |||| 00| 0 eng d
040 _cmacl
082 _a800
100 _aसिंह, श्रीभगवान
_976366
245 _aबदलाव के बरक्‍स
260 _aदिल्‍ली
_bहर्ष पब्लिकेशंस
_c2016
650 _2लेख
942 _2ddc
_cHIN
999 _c61466
_d61466